[Event "II Weekend Basso Veronese B"]
[Site "Casaleone ITA"]
[Date "2009.11.15"]
[Round "6"]
[White "Dall'Ora, Gianfranco"]
[Black "Steccanella, Willi"]
[Result "1-0"]
[WhiteElo "1715"]
[BlackElo "1780"]
[PlyCount "95"]
[EventDate "2009.11.07"]

1. e4 c5 2. Nc3 Nc6 3. f4 g6 4. Nf3 Bg7 5. g3 d6 6. Bg2 Bd7 7. d3 a6 8. O-O e6
9. Rb1 Nge7 10. Be3 Nd4 11. Ne2 Nxe2+ 12. Qxe2 Rc8 13. Qd2 d5 14. c3 O-O 15. g4
dxe4 16. dxe4 Bb5 17. Rfd1 Qc7 18. Qc2 Rfe8 19. Rd2 Bh6 20. g5 Bf8 21. Ne5 Red8
22. Rbd1 Rxd2 23. Qxd2 Nc6 24. Ng4 Rd8 25. Qc1 Be7 26. b3 Rxd1+ 27. Qxd1 Qd8
28. Qe1 Bd3 29. Bf3 e5 30. fxe5 Bxg5 31. Bxc5 h5 32. Nf2 Nxe5 33. Bg2 Bh4 34.
Qd1 Bxf2+ 35. Bxf2 Qg5 36. Kh1 Ng4 37. Bd4 Qf4 38. Bg1 Bxe4 39. Qe2 Bxg2+ 40.
Qxg2 Qc7 41. c4 Qc6 42. Qxc6 bxc6 43. Bd4 f6 44. b4 Ne5 45. Bxe5 fxe5 46. a4
Kf7 47. b5 cxb5 48. cxb5 1-0

[Event "II Weekend Basso Veronese B"]
[Site "Casaleone ITA"]
[Date "2009.11.15"]
[Round "6"]
[White "De Togni, Paolo"]
[Black "Curto, Carlo Alberto"]
[Result "0-1"]
[WhiteElo "1335"]
[BlackElo "1467"]
[PlyCount "110"]
[EventDate "2009.11.07"]

1. Nf3 d5 2. d4 Nf6 3. e3 Bg4 4. b3 e6 5. Bb2 a6 6. Nbd2 Bb4 7. Be2 O-O 8. O-O
Nc6 9. a3 Be7 10. Bd3 Qd7 11. Qe1 Ne8 12. Ne5 Nxe5 13. dxe5 c6 14. f3 Bh5 15.
f4 f6 16. Qh4 g6 17. Qh3 f5 18. Kf2 Qd8 19. g3 Qb6 20. b4 Rc8 21. Bd4 c5 22.
bxc5 Bxc5 23. Rab1 Qa7 24. Bxc5 Rxc5 25. Nb3 Rc8 26. Nd4 Ng7 27. a4 Rc7 28. a5
Qc5 29. Ra1 Rfc8 30. Kg1 Qb4 31. Qg2 Qe7 32. Rfb1 g5 33. Rb6 g4 34. Rab1 Qa3
35. Nxe6 Nxe6 36. Qxd5 Bf7 37. Rxe6 Re7 38. Bxf5 Rce8 39. Qd6 Qxe3+ 40. Kf1
Bxe6 41. Bxe6+ Rxe6 42. Qd5 Qf3+ 43. Qxf3 gxf3 44. Kf2 R8e7 45. Kxf3 Rc6 46. h4
Rxc2 47. Re1 h5 48. f5 Rc3+ 49. Kf4 Rc5 50. e6 Kf8 51. Re5 Rc6 52. g4 Rc4+ 53.
Re4 Rxe4+ 54. Kxe4 hxg4 55. Kf4 g3 0-1

[Event "II Weekend Basso Veronese B"]
[Site "Casaleone ITA"]
[Date "2009.11.15"]
[Round "6"]
[White "Gioga, Michele"]
[Black "De Paoli, Emilio"]
[Result "0-1"]
[WhiteElo "1680"]
[BlackElo "1919"]
[PlyCount "86"]
[EventDate "2009.11.07"]

1. e4 e6 2. d4 c5 3. Nf3 cxd4 4. Nxd4 a6 5. Nc3 Bc5 6. Be3 Qb6 7. Rb1 Nc6 8.
Na4 Qa5+ 9. Nc3 Bb4 10. Qd2 Nf6 11. f3 O-O 12. Nb3 Bxc3 13. Qxc3 Qxc3+ 14. bxc3
d5 15. Bd3 dxe4 16. fxe4 Ne5 17. O-O Bd7 18. Nc5 Bc6 19. Bg5 Nfd7 20. Nxd7 Nxd7
21. Rf2 Ne5 22. Be7 Nxd3 23. cxd3 Rfe8 24. Bh4 b5 25. e5 Bd5 26. Rbf1 Ra7 27.
Bg5 Rc8 28. Rc1 Rac7 29. Rfc2 a5 30. a3 Bb3 31. Rb2 Rxc3 32. Rxc3 Rxc3 33. Bd2
Rxd3 34. Bxa5 f6 35. exf6 gxf6 36. Rd2 Re3 37. Kf2 Re4 38. Bb4 Kf7 39. Re2 Rh4
40. Kg3 Rh6 41. h4 Bd5 42. Kh3 Rg6 43. g4 Bf3 0-1

[Event "II Weekend Basso Veronese B"]
[Site "Casaleone ITA"]
[Date "2009.11.15"]
[Round "6"]
[White "Guaragno, Michele"]
[Black "Cavalleri, Giuseppe"]
[Result "1-0"]
[WhiteElo "1891"]
[BlackElo "1685"]
[PlyCount "61"]
[EventDate "2009.11.07"]

1. e4 e5 2. Bc4 Nf6 3. d3 Be7 4. Ne2 d6 5. O-O O-O 6. f4 Bg4 7. h3 Bxe2 8. Qxe2
Nc6 9. a3 Nd4 10. Qd1 b5 11. Ba2 c5 12. c3 Nc6 13. b4 cxb4 14. axb4 Qb6+ 15.
Kh2 exf4 16. Bxf4 Ne5 17. Qe2 Rac8 18. Bb3 h5 19. Be3 Nfg4+ 20. hxg4 Nxg4+ 21.
Qxg4 Qxe3 22. Qf3 Qxf3 23. Rxf3 Bf6 24. d4 Rc7 25. Ra6 Be7 26. Na3 g6 27. Nxb5
Rd7 28. Rxa7 Rxa7 29. Nxa7 Kg7 30. Nc6 Bg5 31. b5 1-0

[Event "II Weekend Basso Veronese B"]
[Site "Casaleone ITA"]
[Date "2009.11.15"]
[Round "6"]
[White "Jimchi, Abdelaziz"]
[Black "Rondelli, Roberto"]
[Result "1-0"]
[WhiteElo "1918"]
[BlackElo "1533"]
[PlyCount "59"]
[EventDate "2009.11.07"]

1. d4 Nf6 2. c4 e6 3. Nc3 c5 4. Nf3 cxd4 5. Nxd4 Nc6 6. Nxc6 bxc6 7. a3 d5 8.
Bg5 Be7 9. e3 Ba6 10. Qa4 Qb6 11. Rb1 O-O 12. c5 Qxc5 13. Bxa6 h6 14. Bf4 Nd7
15. O-O e5 16. Bg3 Nb6 17. Qg4 f5 18. Qh5 Bd6 19. Rfc1 Nc4 20. b4 Qb6 21. Bxc4
dxc4 22. Qg6 Rf6 23. Qh5 a6 24. Rd1 Qc7 25. Qe2 Qf7 26. f3 g5 27. Rd2 a5 28. b5
Rb8 29. a4 Bb4 30. Bxe5 1-0

[Event "II Weekend Basso Veronese B"]
[Site "Casaleone ITA"]
[Date "2009.11.15"]
[Round "6"]
[White "Merci, Stefano"]
[Black "Bellini, Luca"]
[Result "0-1"]
[WhiteElo "1488"]
[BlackElo "1615"]
[PlyCount "44"]
[EventDate "2009.11.07"]

1. d4 f5 2. Nf3 Nf6 3. e3 e6 4. Bd3 b6 5. Nbd2 Bb7 6. Qe2 Be7 7. c3 Ne4 8. O-O
O-O 9. Ne1 Qe8 10. f3 Nf6 11. e4 f4 12. g4 fxg3 13. hxg3 e5 14. Qh2 Qg6 15. Nc4
d6 16. Kg2 Nbd7 17. Rh1 Bxe4 18. fxe4 Nxe4 19. Be3 Ndf6 20. dxe5 Ng4 21. Qh5
Nxe3+ 22. Nxe3 Qxg3# 0-1

[Event "II Weekend Basso Veronese B"]
[Site "Casaleone ITA"]
[Date "2009.11.15"]
[Round "6"]
[White "Moscato, Riccardo"]
[Black "Adami, Alessandro"]
[Result "1/2-1/2"]
[WhiteElo "1711"]
[BlackElo "1521"]
[PlyCount "51"]
[EventDate "2009.11.07"]

1. Nf3 Nf6 2. d4 e6 3. e3 c5 4. c3 cxd4 5. cxd4 Be7 6. Be2 O-O 7. O-O d5 8. Nc3
Nc6 9. Bd2 Bd7 10. Rc1 Rc8 11. a3 a6 12. b4 b5 13. Ne1 Ne8 14. Nd3 Nd6 15. Nc5
Nc4 16. Bxc4 Bxc5 17. dxc5 dxc4 18. Ne4 Ne5 19. Nd6 Nd3 20. Nxc8 Nxc1 21. Qxc1
Qxc8 22. Rd1 Rd8 23. Bc3 Bc6 24. Rxd8+ Qxd8 25. Qd2 Qxd2 26. Bxd2 1/2-1/2

[Event "II Weekend Basso Veronese B"]
[Site "Casaleone ITA"]
[Date "2009.11.15"]
[Round "6"]
[White "Negro, Raffaele"]
[Black "Oppici, Gabriele"]
[Result "1-0"]
[WhiteElo "1844"]
[BlackElo "1997"]
[PlyCount "73"]
[EventDate "2009.11.07"]

1. d4 Nc6 2. Bg5 d5 3. e3 Nf6 4. Bxf6 gxf6 5. c4 Bg7 6. Nc3 dxc4 7. Bxc4 O-O 8.
Nf3 Bg4 9. h3 Bd7 10. a3 a6 11. Qc2 e6 12. Rd1 Ne7 13. Bd3 Kh8 14. Qe2 Rc8 15.
Ne4 Nd5 16. Nc5 Bc6 17. Qc2 Qe8 18. Bxh7 f5 19. Bxf5 exf5 20. Qxf5 Nf6 21. O-O
b6 22. Nd3 Be4 23. Qf4 Nh5 24. Qh4 f5 25. Nf4 Bxf3 26. gxf3 Rf6 27. Qxh5+ Qxh5
28. Nxh5 Rh6 29. Nxg7 Rg8 30. Kh2 Rxg7 31. Rg1 Rgh7 32. Rg3 Rc6 33. Rdg1 Rf7
34. Rg5 Rc2 35. Rh5+ Rh7 36. Rxf5 Rxf2+ 37. Rg2 1-0

[Event "II Weekend Basso Veronese B"]
[Site "Casaleone ITA"]
[Date "2009.11.15"]
[Round "6"]
[White "Pasqualetto, Lorenzo"]
[Black "Aprile, Massimo"]
[Result "1-0"]
[WhiteElo "1518"]
[BlackElo "1461"]
[PlyCount "69"]
[EventDate "2009.11.07"]

1. e4 c5 2. Nf3 Nc6 3. d4 cxd4 4. Nxd4 Nxd4 5. Qxd4 d6 6. c4 b6 7. Nc3 Bd7 8.
Be2 h6 9. O-O Nf6 10. f3 Qc7 11. Be3 Qc5 12. Qd2 Qc7 13. Rac1 Rc8 14. Nd5 Nxd5
15. cxd5 Qb7 16. Rxc8+ Qxc8 17. Rc1 Qb7 18. Rc3 g5 19. Bd4 f6 20. Qc2 Kd8 21.
Ra3 e5 22. dxe6 Bxe6 23. Bxf6+ Ke8 24. Bxh8 d5 25. Rc3 Bc5+ 26. Kf1 Qb8 27.
exd5 Qxh2 28. Bb5+ Ke7 29. Rxc5 Qh1+ 30. Kf2 Qh4+ 31. Ke2 Qg3 32. Qh7+ Bf7 33.
Qe4+ Kd6 34. Rc6+ Kd7 35. Qf5+ 1-0

[Event "II Weekend Basso Veronese B"]
[Site "Casaleone ITA"]
[Date "2009.11.15"]
[Round "6"]
[White "Solinas, Roberto"]
[Black "Adami, Antonio"]
[Result "0-1"]
[WhiteElo "1770"]
[BlackElo "1646"]
[PlyCount "92"]
[EventDate "2009.11.07"]

1. d4 f5 2. e4 fxe4 3. Nc3 Nf6 4. Bg5 g6 5. Bxf6 exf6 6. Nxe4 d5 7. Nd2 Bg7 8.
Qe2+ Kf7 9. O-O-O Re8 10. Qb5 c6 11. Qb3 b5 12. Ngf3 a5 13. a3 a4 14. Qc3 Be6
15. Bd3 Nd7 16. Qxc6 b4 17. axb4 a3 18. bxa3 Rxa3 19. Nb1 Ra1 20. c3 Qb8 21.
Rd2 Bh6 22. Kd1 Bxd2 23. Nfxd2 Rc8 24. Qb5 Qxb5 25. Bxb5 Rxc3 26. Ke2 Rc2 27.
Bd3 Rb2 28. b5 Nb6 29. Rc1 Nc4 30. Rc3 Raxb1 31. Bxb1 Rxd2+ 32. Ke1 Rb2 33. Bc2
Rxb5 34. Ba4 Rb1+ 35. Ke2 Rb2+ 36. Kf3 Rd2 37. Rb3 Kg7 38. Rb7+ Kh6 39. Re7 Bf5
40. h3 Rxd4 41. g4 Ne5+ 42. Kg3 Bxg4 43. Bc2 Bf5 44. f4 Bxc2 45. fxe5 fxe5 46.
Rxe5 Bf5 0-1

[Event "II Weekend Basso Veronese B"]
[Site "Casaleone ITA"]
[Date "2009.11.15"]
[Round "6"]
[White "Turazza, Andrea"]
[Black "Bonini, Roberto"]
[Result "0-1"]
[WhiteElo "1822"]
[BlackElo "1845"]
[PlyCount "84"]
[EventDate "2009.11.07"]

1. Nf3 d5 2. d3 Nf6 3. g3 g6 4. Bg2 Bg7 5. O-O O-O 6. Nbd2 Nbd7 7. e4 dxe4 8.
dxe4 Ng4 9. c3 Nde5 10. Nxe5 Nxe5 11. Qc2 Qd3 12. Qxd3 Nxd3 13. Nc4 Be6 14. Ne3
c6 15. Rd1 Rad8 16. Bf1 Nc5 17. Rxd8 Rxd8 18. f3 a5 19. Be2 a4 20. a3 h5 21.
Ng2 Nb3 22. Rb1 Nxc1 23. Rxc1 Rd2 24. Nf4 Bb3 25. Kf1 Rxb2 26. Nd3 Rc2 27. Rxc2
Bxc2 28. c4 Bd4 29. Ke1 Bc3+ 30. Kf2 b5 31. cxb5 cxb5 32. Ke3 e5 33. Nc5 b4 34.
Bb5 bxa3 35. Bc4 Bb4 36. Nd3 Bd6 37. Nc1 Bb4 38. f4 Bd6 39. Kd2 Bxe4 40. fxe5
Bxe5 41. Bb5 Bd5 42. Ke2 a2 0-1

[Event "II Weekend Basso Veronese B"]
[Site "Casaleone ITA"]
[Date "2009.11.15"]
[Round "6"]
[White "Zanchetta, Nicola"]
[Black "De Biaggi, Paolo"]
[Result "1/2-1/2"]
[WhiteElo "1807"]
[BlackElo "1878"]
[PlyCount "39"]
[EventDate "2009.11.07"]

1. e4 e5 2. Nf3 Nf6 3. Nxe5 d6 4. Nf3 Nxe4 5. c4 c5 6. Nc3 Nxc3 7. dxc3 Be6 8.
Bd3 Nc6 9. O-O Be7 10. Re1 h6 11. Qe2 Qd7 12. Bf4 O-O-O 13. Rab1 g5 14. Bg3 h5
15. h4 gxh4 16. Nxh4 Rdg8 17. b4 cxb4 18. cxb4 Nd4 19. Qe4 Rg4 20. Bf4 1/2-1/2

[Event "LIV C.to Torinese Assoluto"]
[Site "Torino ITA"]
[Date "2009.11.09"]
[Round "1"]
[White "Bertagia, Roldano"]
[Black "Ragni, Paolo"]
[Result "0-1"]
[WhiteElo "1996"]
[BlackElo "2156"]
[PlyCount "122"]
[EventDate "2009.11.09"]

1. e4 g6 2. d4 d6 3. Nf3 Nf6 4. Bc4 Nxe4 5. O-O d5 6. Qe2 Nf6 7. Bd3 Bg4 8. Re1
e6 9. h3 Bxf3 10. Qxf3 Bg7 11. Bg5 O-O 12. Nd2 Nbd7 13. c3 c5 14. c4 dxc4 15.
Nxc4 cxd4 16. Qxb7 Nc5 17. Qf3 Qd5 18. Qxd5 Nxd5 19. Be4 Nxe4 20. Rxe4 Rfc8 21.
b3 Nc3 22. Ree1 d3 23. Rad1 Nxd1 24. Rxd1 h6 25. Be7 Rc7 26. Bd6 Rd7 27. Bb4 e5
28. f3 Rc8 29. Kf2 f6 30. Ke3 Bf8 31. Bc3 Bc5+ 32. Ke4 Re8 33. g4 Kf7 34. a4
Ke6 35. f4 exf4 36. Kxf4 Kf7 37. b4 Bd6+ 38. Kf3 Rc8 39. Nxd6+ Rxd6 40. Bd2 g5
41. Be3 Rd7 42. b5 Rc2 43. a5 Rh2 44. Kg3 Rb2 45. b6 a6 46. Kf3 Rb5 47. Bd2 Kg6
48. Rc1 Rbd5 49. Rc8 f5 50. Ra8 fxg4+ 51. hxg4 h5 52. Rxa6 hxg4+ 53. Kg3 Kf5
54. Ra8 Rb5 55. Rf8+ Ke6 56. Kxg4 Rb2 57. Rf2 Kd5 58. Kxg5 Kc6 59. Kf6 Rd5 60.
Ke6 Rxa5 61. Rf7 Rxd2 0-1

[Event "LIV C.to Torinese Assoluto"]
[Site "Torino ITA"]
[Date "2009.11.09"]
[Round "1"]
[White "Cacinschi, Alexandru"]
[Black "Barletta, Mauro"]
[Result "0-1"]
[WhiteElo "2034"]
[BlackElo "2210"]
[PlyCount "74"]
[EventDate "2009.11.09"]

1. e4 d5 2. exd5 Nf6 3. d4 Bg4 4. Nf3 Qxd5 5. Be2 Nc6 6. c3 e6 7. Bf4 Bd6 8.
Bxd6 cxd6 9. Nbd2 O-O 10. O-O b5 11. a4 b4 12. Bb5 bxc3 13. bxc3 Ne7 14. h3 Bh5
15. Qe2 Qb7 16. Rfc1 Ned5 17. g3 Qc7 18. c4 Nb4 19. c5 dxc5 20. dxc5 Rfd8 21.
Ne4 a6 22. Nxf6+ gxf6 23. Bc4 Qc6 24. g4 Bg6 25. Nh4 Nd5 26. Nxg6 hxg6 27. Bxd5
Rxd5 28. Qb2 Rd3 29. Rc3 Rad8 30. Rxd3 Rxd3 31. Kh2 Qf3 32. Qb8+ Kg7 33. Qg3
Qe4 34. Qc7 e5 35. Qc8 Qf3 36. g5 Qxf2+ 37. Kh1 f5 0-1

[Event "LIV C.to Torinese Assoluto"]
[Site "Torino ITA"]
[Date "2009.11.09"]
[Round "1"]
[White "De Barberis, Massimo"]
[Black "Mantovan, Giuseppe"]
[Result "1-0"]
[WhiteElo "2073"]
[BlackElo "1916"]
[PlyCount "101"]
[EventDate "2009.11.09"]

1. e4 e6 2. d4 d5 3. e5 c5 4. c3 Nc6 5. Nf3 Qb6 6. a3 Nh6 7. b4 cxd4 8. cxd4
Nf5 9. Be3 f6 10. exf6 gxf6 11. Nc3 Bd7 12. Bd3 Nxe3 13. fxe3 Nxb4 14. O-O Nxd3
15. Qxd3 Rc8 16. e4 dxe4 17. Nxe4 Bg7 18. Rab1 Qc6 19. Rxb7 O-O 20. Nc5 Rc7 21.
Rxc7 Qxc7 22. Qa6 e5 23. Ne6 Bxe6 24. Qxe6+ Qf7 25. Qxf7+ Rxf7 26. dxe5 fxe5
27. Re1 Re7 28. Kf2 e4 29. Re2 Kf8 30. Ng5 Bd4+ 31. Kg3 e3 32. Kf4 h6 33. Nf3
Bc5 34. Ne5 Kg7 35. Ng4 Bxa3 36. Nxe3 Bd6+ 37. Kg4 a5 38. Nf5+ Kf6 39. Nxe7
Bxe7 40. Re4 Bd6 41. g3 Bb4 42. Kh5 Bd2 43. Rd4 Be3 44. Rd5 Bg1 45. h3 Bf2 46.
g4 Be1 47. Kxh6 Ke6 48. Rd8 Kf7 49. g5 Ke7 50. Ra8 Bd2 51. h4 1-0

[Event "LIV C.to Torinese Assoluto"]
[Site "Torino ITA"]
[Date "2009.11.09"]
[Round "1"]
[White "Gallucci, Alessio"]
[Black "Davi, Alessandro"]
[Result "1/2-1/2"]
[WhiteElo "2164"]
[BlackElo "2024"]
[PlyCount "60"]
[EventDate "2009.11.09"]

1. e4 c5 2. Nf3 Nc6 3. d4 cxd4 4. Nxd4 e5 5. Nb5 a6 6. Nd6+ Bxd6 7. Qxd6 Qf6 8.
Qxf6 Nxf6 9. f3 d5 10. exd5 Nxd5 11. c3 Bf5 12. Bc4 Nb6 13. Bb3 Na5 14. O-O O-O
15. Nd2 Rad8 16. Re1 Rfe8 17. Ne4 Nxb3 18. axb3 Nd5 19. Nc5 Bc8 20. Kf2 f6 21.
Re2 Re7 22. Bd2 Rc7 23. b4 Kf7 24. Rd1 b6 25. Nd3 Bf5 26. Be3 Rcd7 27. Red2
Nxc3 28. bxc3 Rxd3 29. Rxd3 Rxd3 30. Rxd3 Bxd3 1/2-1/2

[Event "LIV C.to Torinese Assoluto"]
[Site "Torino ITA"]
[Date "2009.11.09"]
[Round "1"]
[White "Melone, Antonio"]
[Black "Fassio, Luca"]
[Result "1-0"]
[WhiteElo "1927"]
[BlackElo "2090"]
[PlyCount "49"]
[EventDate "2009.11.09"]

1. d4 g6 2. c4 Bg7 3. Nc3 d6 4. e4 Nf6 5. f3 O-O 6. Be3 b6 7. Qd2 c5 8. d5 e6
9. O-O-O exd5 10. cxd5 Ba6 11. h4 Bxf1 12. Rxf1 Nbd7 13. Bh6 Nh5 14. Nge2 Ne5
15. Bxg7 Nxg7 16. h5 Nxh5 17. g4 Ng7 18. Qh6 f6 19. Qxh7+ Kf7 20. f4 Nxg4 21.
f5 gxf5 22. exf5 Ne5 23. Rfg1 Rg8 24. Nf4 Kf8 25. Ne6+ 1-0

[Event "LIV C.to Torinese Assoluto"]
[Site "Torino ITA"]
[Date "2009.11.09"]
[Round "1"]
[White "Parodi, Alessandro"]
[Black "Barbiso, Tiziana"]
[Result "1-0"]
[WhiteElo "2087"]
[BlackElo "1925"]
[PlyCount "79"]
[EventDate "2009.11.09"]

1. d4 d5 2. Nf3 Nf6 3. c4 e6 4. Nc3 c6 5. cxd5 exd5 6. Bg5 Be7 7. Qc2 Nbd7 8.
e3 Nf8 9. Bd3 Ne6 10. Bh4 g6 11. O-O Ng7 12. b4 Bf5 13. Bxf5 Nxf5 14. Bxf6 Bxf6
15. b5 O-O 16. bxc6 bxc6 17. Na4 Rc8 18. Rab1 Qe7 19. Rb3 Nd6 20. Nd2 Bg7 21.
Rc3 f5 22. Rxc6 Nc4 23. Rxc8 Rxc8 24. Nxc4 Rxc4 25. Qb3 Qd6 26. Nb2 Rc6 27. Nd3
Rc4 28. Rb1 Bf8 29. Ne5 Rc7 30. g4 Kg7 31. gxf5 gxf5 32. Qd1 Kf6 33. Qh5 Rg7+
34. Kh1 Qc7 35. Qh6+ Ke7 36. Nc6+ Kd7 37. Nb8+ Ke7 38. Nc6+ Kd7 39. Qf6 Rg6 40.
Ne5+ 1-0

[Event "LIV C.to Torinese Assoluto"]
[Site "Torino ITA"]
[Date "2009.11.09"]
[Round "1"]
[White "Pepino, Enrico"]
[Black "Giacometto, Mario"]
[Result "1-0"]
[WhiteElo "2154"]
[BlackElo "1954"]
[PlyCount "41"]
[EventDate "2009.11.09"]

1. e4 e6 2. d4 d5 3. Nd2 c5 4. Ngf3 cxd4 5. exd5 Qxd5 6. Bc4 Qd6 7. O-O Nc6 8.
Nb3 Nf6 9. Nbxd4 Nxd4 10. Nxd4 a6 11. c3 Qc7 12. Qe2 Bd6 13. h3 O-O 14. Bd3 b6
15. Bg5 Bb7 16. Bxf6 gxf6 17. Qh5 f5 18. Bxf5 exf5 19. Qg5+ Kh8 20. Qf6+ Kg8
21. Nxf5 1-0

[Event "LIV C.to Torinese Assoluto"]
[Site "Torino ITA"]
[Date "2009.11.09"]
[Round "1"]
[White "Ravazzolo, Gaia"]
[Black "Fortino, Fabrizio"]
[Result "0-1"]
[WhiteElo "1692"]
[BlackElo "2041"]
[PlyCount "116"]
[EventDate "2009.11.09"]

1. d4 Nf6 2. c4 g6 3. Nc3 Bg7 4. e4 d6 5. Nf3 O-O 6. Be2 e5 7. O-O Nc6 8. d5
Ne7 9. b4 a5 10. bxa5 Rxa5 11. Qc2 Ne8 12. Bd2 h6 13. Na4 Ra8 14. Be3 f5 15.
Bd3 f4 16. Bd2 b6 17. Nc3 g5 18. Nb5 Ng6 19. Bc3 g4 20. Nd2 h5 21. a4 f3 22. g3
h4 23. a5 hxg3 24. fxg3 Bh6 25. Rae1 Kg7 26. axb6 cxb6 27. Rf2 Bd7 28. Qb2 Bxb5
29. Qxb5 Nf6 30. Nf1 Qc7 31. Rb1 Rab8 32. Qb4 Nh7 33. Bd2 Ng5 34. Bxg5 Bxg5 35.
Qb2 Qc5 36. Qb5 Qd4 37. Rd1 Rf7 38. Bc2 Qc5 39. Qxc5 bxc5 40. Ba4 Rb4 41. Bb5
Ra7 42. Re1 Ra3 43. Rc2 Nf8 44. Kf2 Rbb3 45. Bc6 Kf6 46. Bb5 Ke7 47. Bc6 Bh6
48. Bb5 Nh7 49. Kg1 Ng5 50. Kh1 Nh3 51. Rd1 Be3 52. Nxe3 Rxe3 53. Rf1 Rxe4 54.
Rb1 Rae3 55. Rcc1 Re2 56. Bc6 Rg2 57. Rb7+ Kf6 58. Rb8 Nf2# 0-1

[Event "LIV C.to Torinese Assoluto"]
[Site "Torino ITA"]
[Date "2009.11.09"]
[Round "1"]
[White "Settis, Massimo"]
[Black "Berutti, Mario"]
[Result "1/2-1/2"]
[WhiteElo "2063"]
[BlackElo "1796"]
[PlyCount "88"]
[EventDate "2009.11.09"]

1. c4 e6 2. Nf3 d5 3. g3 f5 4. Bg2 Nf6 5. O-O Bd6 6. d3 c6 7. Nc3 O-O 8. e4
fxe4 9. dxe4 Bc5 10. e5 Ng4 11. Qe2 Nd7 12. Bh3 Ndxe5 13. Nxe5 Nxf2 14. Kg2
Nxh3 15. Kxh3 b5 16. Be3 d4 17. Rad1 Rxf1 18. Qxf1 Qf6 19. Qxf6 gxf6 20. Bxd4
Bxd4 21. Rxd4 fxe5 22. Rd8+ Kf7 23. cxb5 Ke7 24. Rh8 Kd6 25. Rxh7 cxb5 26.
Nxb5+ Kc5 27. Rxa7 Rxa7 28. Nxa7 Bb7 29. Kg4 Kb6 30. Nc8+ Bxc8 31. Kf3 Bb7+ 32.
Ke3 Bd5 33. b3 Kc5 34. h3 Bg2 35. h4 Bh3 36. h5 Bf5 37. h6 Bh7 38. g4 Kb5 39.
g5 Kc5 40. a4 Bf5 41. a5 Kb5 42. b4 Bg6 43. Kd2 Bh7 44. Ke3 Bg6 1/2-1/2

[Event "LIV C.to Torinese Assoluto"]
[Site "Torino ITA"]
[Date "2009.11.09"]
[Round "1"]
[White "Vozza, Nicola"]
[Black "Digiugno, Franco"]
[Result "0-1"]
[WhiteElo "1924"]
[BlackElo "2083"]
[PlyCount "88"]
[EventDate "2009.11.09"]

1. d4 Nf6 2. Bg5 Ne4 3. Bf4 d5 4. f3 Nf6 5. e4 dxe4 6. Nc3 e3 7. Bxe3 c6 8. Bd3
Nd5 9. Nxd5 cxd5 10. Qd2 Nc6 11. Ne2 e6 12. O-O Nb4 13. Bb5+ Bd7 14. Bxd7+ Qxd7
15. a3 Nc6 16. b4 Bd6 17. b5 Ne7 18. Bf4 Bxf4 19. Nxf4 Qxb5 20. Rfb1 Qc6 21.
Qb4 b6 22. Nd3 Ng6 23. Rb3 Rc8 24. f4 Qc4 25. f5 Qxb4 26. axb4 exf5 27. Rxa7
O-O 28. Rd7 Rxc2 29. Rxd5 Ra8 30. Rb1 h6 31. Ne1 Rd2 32. Nf3 Rxg2+ 33. Kh1 Raa2
34. Rxf5 Nh4 35. Nxh4 Rxh2+ 36. Kg1 Rxh4 37. Rd1 Rhh2 38. d5 Rag2+ 39. Kf1 Rd2
40. Rxd2 Rxd2 41. Ke1 Rd4 42. b5 f6 43. Ke2 Kf7 44. Ke3 Rb4 0-1

[Event "LIV C.to Torinese Assoluto"]
[Site "Torino ITA"]
[Date "2009.11.16"]
[Round "2"]
[White "Barbiso, Tiziana"]
[Black "Ravazzolo, Gaia"]
[Result "1-0"]
[WhiteElo "1925"]
[BlackElo "1692"]
[PlyCount "27"]
[EventDate "2009.11.09"]

1. e4 c6 2. d4 d5 3. f3 dxe4 4. fxe4 Nf6 5. Nc3 Bg4 6. Nf3 e6 7. Bc4 Nbd7 8.
O-O Qc7 9. Qd3 Nb6 10. e5 Nfd7 11. Ng5 Bf5 12. Rxf5 exf5 13. Bxf7+ Ke7 14. Qxf5
1-0

[Event "LIV C.to Torinese Assoluto"]
[Site "Torino ITA"]
[Date "2009.11.16"]
[Round "2"]
[White "Barletta, Mauro"]
[Black "De Barberis, Massimo"]
[Result "1-0"]
[WhiteElo "2210"]
[BlackElo "2073"]
[PlyCount "105"]
[EventDate "2009.11.09"]

1. e4 c5 2. c3 g6 3. d4 cxd4 4. cxd4 d5 5. Nc3 dxe4 6. Bc4 Nf6 7. Qb3 e6 8. d5
exd5 9. Nxd5 Bg7 10. Bg5 O-O 11. Rd1 Nbd7 12. Ne2 b5 13. Qxb5 Rb8 14. Qxb8 Nxb8
15. Nxf6+ Bxf6 16. Rxd8 Bxd8 17. Bxd8 Rxd8 18. Nc3 Kg7 19. Bd5 f5 20. g4 Nd7
21. gxf5 gxf5 22. Rg1+ Kf6 23. f4 Nc5 24. Bc4 Be6 25. Be2 Nd3+ 26. Bxd3 Rxd3
27. Rg3 Rxg3 28. hxg3 Ke7 29. Kd2 Kd6 30. b4 Bc4 31. Ke3 a6 32. Kd4 Be6 33. a3
Bb3 34. Nb1 h5 35. Nd2 Bd1 36. Nc4+ Kc6 37. Ne3 Bg4 38. a4 Bh3 39. Kc4 Bg4 40.
b5+ axb5+ 41. axb5+ Kb6 42. Nd5+ Kb7 43. Kc5 Bh3 44. Ne3 Bg4 45. Nc4 Bh3 46. b6
Kb8 47. Kc6 Bg2 48. Ne3 Bh1 49. b7 Bf3 50. Kb6 Bh1 51. Nxf5 e3 52. Nxe3 Bxb7
53. f5 1-0

[Event "LIV C.to Torinese Assoluto"]
[Site "Torino ITA"]
[Date "2009.11.16"]
[Round "2"]
[White "Davi, Alessandro"]
[Black "Settis, Massimo"]
[Result "0-1"]
[WhiteElo "2024"]
[BlackElo "2063"]
[PlyCount "112"]
[EventDate "2009.11.09"]

1. d4 e6 2. Nc3 d5 3. Nf3 Nf6 4. g3 c5 5. Bg2 Nc6 6. e3 Be7 7. O-O O-O 8. b3 b6
9. Bb2 Bb7 10. Rc1 Rc8 11. Na4 Ba6 12. Re1 c4 13. Nc3 b5 14. a3 b4 15. axb4
Bxb4 16. Nd2 e5 17. bxc4 dxc4 18. dxe5 Nxe5 19. Ra1 Qb6 20. Nde4 Nxe4 21. Bxe4
Rfd8 22. Nd5 Bxe1 23. Qh5 Rxd5 24. Qxh7+ Kf8 25. Bxd5 Bxf2+ 26. Kxf2 Qxb2 27.
Rxa6 Ng4+ 28. Kf3 Ne5+ 29. Kg2 Ng6 30. Be4 Rd8 31. Bxg6 Qb7+ 32. Be4 Qxa6 33.
Qh8+ Ke7 34. Qxg7 Rd2+ 35. Kg1 Qf6 36. Qxf6+ Kxf6 37. h4 a5 38. Kf1 a4 39. Ke1
a3 40. Kxd2 a2 41. Bd5 a1=Q 42. Bxc4 Qe5 43. g4 Qh2+ 44. Be2 Qxh4 45. Kd1 Ke5
46. Kd2 Qf2 47. Kd3 Qe1 48. Bf3 Qc1 49. Be2 Qa3+ 50. Kd2 Ke4 51. Bd3+ Kf3 52.
e4 Qb4+ 53. c3 Qb2+ 54. Bc2 Kxg4 55. Kd3 Kf4 56. Ba4 Qb7 0-1

[Event "LIV C.to Torinese Assoluto"]
[Site "Torino ITA"]
[Date "2009.11.16"]
[Round "2"]
[White "Digiugno, Franco"]
[Black "Gallucci, Alessio"]
[Result "0-1"]
[WhiteElo "2083"]
[BlackElo "2164"]
[PlyCount "62"]
[EventDate "2009.11.09"]

1. d4 Nf6 2. Nc3 d5 3. Bg5 c5 4. Bxf6 exf6 5. e3 c4 6. e4 Bb4 7. Qf3 O-O 8.
O-O-O Bxc3 9. Qxc3 b5 10. exd5 Bb7 11. Be2 Na6 12. Qg3 Nb4 13. Kb1 Nxd5 14. Bf3
c3 15. Ne2 cxb2 16. Bxd5 Bxd5 17. Nf4 Bc4 18. Kxb2 Rc8 19. Rhe1 Rc6 20. Qe3 Qd6
21. Nd3 Ra6 22. Nc1 Qb4+ 23. Nb3 Qa3+ 24. Kc3 Bxb3 25. axb3 Rc8+ 26. Kd3 Re6
27. Qd2 Rec6 28. Rc1 Qb2 29. Re7 Rc3+ 30. Ke2 Kf8 31. Rxa7 Rxc2 0-1

[Event "LIV C.to Torinese Assoluto"]
[Site "Torino ITA"]
[Date "2009.11.16"]
[Round "2"]
[White "Fortino, Fabrizio"]
[Black "Parodi, Alessandro"]
[Result "1-0"]
[WhiteElo "2041"]
[BlackElo "2087"]
[PlyCount "51"]
[EventDate "2009.11.09"]

1. e4 d5 2. Nc3 d4 3. Nce2 c5 4. d3 Nc6 5. f4 e6 6. Nf3 b5 7. g3 Bb7 8. Bg2 f5
9. O-O Bd6 10. exf5 exf5 11. Re1 Nge7 12. c3 O-O 13. Ng5 Qd7 14. Qb3+ Kh8 15.
Nf7+ Rxf7 16. Qxf7 Nd8 17. Qh5 g6 18. Qh3 Nd5 19. Bd2 Nf7 20. Kf2 Bc7 21. c4
bxc4 22. dxc4 Ne3 23. Bxb7 Ng4+ 24. Kg1 Rb8 25. Qg2 Bd8 26. Bc6 1-0

[Event "LIV C.to Torinese Assoluto"]
[Site "Torino ITA"]
[Date "2009.11.16"]
[Round "2"]
[White "Giacometto, Mario"]
[Black "Mazzetta, Renato"]
[Result "1/2-1/2"]
[WhiteElo "1954"]
[BlackElo "1913"]
[PlyCount "44"]
[EventDate "2009.11.09"]

1. Nf3 d5 2. d4 Nf6 3. e3 e6 4. Be2 c5 5. c3 Nc6 6. Nbd2 Bd6 7. b3 O-O 8. Bb2
b6 9. O-O Bb7 10. Rc1 Rc8 11. Re1 Qe7 12. c4 cxd4 13. exd4 Bb4 14. Bd3 Rfd8 15.
Bb1 Na5 16. Ne5 Ne4 17. Bxe4 dxe4 18. f3 exf3 19. Rf1 Nc6 20. Ndxf3 f6 21. Nd3
Bd6 22. Rc2 Nb4 1/2-1/2